Quizzes
Events
Quiz Creation
Community
Videos
Private Events
Remove Ads
Sign In
Join for FREE
Feedback
Dark Mode
Quiz Categories
Sports
Geography
Music
Movies
Television
Just For Fun
Miscellaneous
History
Literature
Language
Science
Gaming
Entertainment
Religion
Holiday
For Kids
Quiz Lab
Recent
Popular Today
Quiz Kudos Today
Editor Picks
Curator Picks
Quizzes by...
Day
Popularity
Type
Ratings
Length
Year
Community
Subscriptions
Recent Discussions
Orange Saloon
Badges
Playlists
Quests
Create
Leaderboards
Showdown
Live 5
Trivia Bingo
Activity
Puzzle Library
Sporcle Events
Private Events
Virtual Trivia
Globe League
Become a Host
Pub Owners
SporcleCon
Opinionation
Our Games
Videos
Blog
Mobile Apps
Partnerships
Remove Ads and Go Orange
Feedback
Sports
Athletes
MLB
NBA
NHL
NFL
Soccer
Sports Teams
WWE
NCAA
Football
Premier League
Basketball
Baseball
Hockey
Golf
Tennis
Cricket
Rugby
Auto Racing
Olympics
World Cup
Sports
Athletes
MLB
NBA
NHL
NFL
Soccer
Sports Teams
WWE
NCAA
Football
Premier League
Basketball
Baseball
Hockey
Golf
Tennis
Cricket
Rugby
Auto Racing
Olympics
World Cup
Random Quiz
Search Sporcle
×
Quiz Lab
Quiz Lab
Sports
Touchdown
Type in answers that appear in a list
Type in answers that appear in a list
Classic
Best Score? Go Orange.
Super Bowl Touchdowns Stats
Can you name the players who have scored Super Bowl Touchdowns over the last 15 years (SB XXX - SB XLIV?
By
jayr
10m
71 Questions
134 Plays
134 Plays
134 Plays
Comments
Comments
Give Quiz Kudos
Give Quiz Kudos
-
- Ratings
hide this ad
Replay
Link that replays current quiz
Next Quiz
Link to next quiz in quiz playlist
You Got
0%
They Got
Avg Score
46%
Avg Friend Score
Upgrade to see
Score Distribution
Jump to the score distribution portion of the page
Score
0/71
Timer
10:00
0
Plays Today
% Correct
Emmitt Smith
90.3%
Dwight Smith
90.3%
Steve Smith
90.3%
Antowain Smith
90.3%
L.J. Smith
90.3%
Rod Smith
90.3%
Santonio Holmes
81.3%
Hines Ward
80.6%
Randy Moss
79.1%
James Harrison
78.4%
Larry Fitzgerald
76.9%
Terrell Davis
76.1%
Plaxico Burress
73.9%
Reggie Wayne
71.6%
Jerry Rice
70.9%
Willie Parker
67.2%
Joseph Addai
67.2%
Eric Johnson
66.4%
Isaac Bruce
65.7%
Jamal Lewis
64.2%
Jermaine Lewis
64.2%
Greg Lewis
64.2%
Torry Holt
62.7%
John Elway
61.2%
Dexter Jackson
59%
Brett Favre
56.7%
Deion Branch
56.7%
Ben Roethlisberger
54.5%
Pierre Thomas
54.5%
Kurt Warner
51.5%
Desmond Howard
50%
Jeremy Shockey
49.3%
Antonio Freeman
45.5%
Corey Dillon
44.8%
Eddie George
44%
Devin Hester
43.3%
% Correct
Muhsin Muhammad
40.3%
Pierre Garcon
38.8%
Derrick Brooks
38.1%
Mike Alstott
38.1%
Jerry Porter
37.3%
Laurence Maroney
37.3%
Tracy Porter
37.3%
Mike Vrabel
35.1%
David Tyree
33.6%
Ricky Proehl
32.1%
Dominic Rhodes
30.6%
Bam Morris
29.9%
DeShaun Foster
29.1%
Ty Law
26.1%
Curtis Martin
25.4%
Brandon Stokley
24.6%
David Givens
24.6%
Brian Westbrook
24.6%
Jay Novacek
23.9%
Ben Coates
22.4%
Jerramy Stevens
22.4%
Andre Rison
21.6%
David Patten
21.6%
Keenan McCardell
20.1%
Yancey Thigpen
18.7%
Mark Chmura
16.4%
Ron Dixon
15.7%
Duane Starks
14.9%
Gary Russell
14.9%
Terance Mathis
14.9%
Kelvin Hayden
12.7%
Ben Patrick
12.7%
Tim Dwight
12.7%
Keith Byars
11.2%
Howard Griffith
8.2%
Quiz Playlist
Details
Report
Send in Message
Add To Playlist
Classic:
Type in answers that appear in a list
Last Updated: Feb 16, 2017
Quiz Scoreboard
CHALLENGE
Sign Up to Join the Scoreboard
Show All
Scores
Hide
Comments
May contain spoilers
Recently Published
NBA Finals Game Top Scorers (2010s)
by flibbidy
Sports
5m
Guess the 'R' Things in 3 Words
by MSUKent
Miscellaneous
3m
Actor to Badly Drawn Movie III
by MoMosMoProblems
Movies
5m
More to Explore
Quiz From the Vault
Featured Blog Post
Where Does Lost Luggage Go?
hide this ad
You Might Also Like...
Tags
Bowl
last
Player
score
Super Bowl
Touchdown
XLIV
XXX
Today's Top Quizzes in Sports
Browse Sports
hide this ad
Today's Top Quizzes in Touchdown
Browse Touchdown
Top Contributed Quizzes in Sports
1
Les joueurs à 100 buts en Ligue 1 Uber Eats
2
2022 World Cup Stars
3
Millionaire: NBA Finals Edition
4
2024 March Madness Bracket
5
Players with Multiple 50 Home Run Seasons
6
Criteria MLB: Left Handed Sluggers
7
Nickname Match: Athletes VI
8
Iconic Moments in Football - Multiple Choice
9
NFL MVPs ordered
10
NBA Championships Per City
Explore More
Trending Topics
Crossword
Anime
Harry Potter
Marvel
NBA
Disney
Kpop
The Office
Soccer
Pokémon
NFL
Country
Puzzle
WWE
Song
hide this ad
More By:
jayr
Quiz
Plays
Rating
Category
Featured
Created
Super Bowl Touchdowns
134
Sports
Jun 29, 2010
Go to Creator's Profile
Score Distribution
Quiz Creator Spotlight
jayr
Follow
Send a Message
Quizzes Created
-
Created Quiz Play Count
-
More By This Creator
Popular Quizzes Today
1
Find the US States - No Outlines Minefield
2
Find the US States
3
The Countries of the World
4
10 Largest US States in Order
5
Find the Countries of Europe - No Outlines Minefield
6
US States
7
Guess the 'R' Things in 3 Words
8
NBA Finals Game Top Scorers (2010s)
More Sports Quizzes
UEFA Euro Champs
Published
Trending Quizzes
First Name TV: Leading Men
Match the Book to the Film II
First Name TV: Leading Women Drama
Match the Book to the Film VI
Pick A Pair: Religious TV
Recently Updated
Women's Final Four Teams by Year
bhenderson79
Presidents Quartet II
eogle
Anything But Clue(do)
eogle
Anything But Oceanian Capitals
eogle
Anything But 7
eogle
Anything But Thing
eogle
Word Ladder: February 29
pecheneg
Song Title Questions
pecheneg
Women's NCAA Tournament #1 Seeds
pecheneg
Celebrity Mug Shots
pecheneg
Trending Topics
Anime
Harry Potter
Marvel
NBA
Disney
Crossword
Kpop
Puzzle
The Office
Pokémon
Country
Song
NFL
WWE
Soccer
Your Account Isn't Verified!
In order to create a playlist on Sporcle, you need to verify the email address you used during registration. Go to your
Sporcle Settings
to finish the process.
Report this User
Report this user for behavior that violates our
Community Guidelines
.
Details:
Send Report
Go to the Sporcle.com Mobile Site →
Comments